Monarchies not bordering Monarchies - Statistics

General Stats
  • This quiz has been taken 2,941 times
  • The average score is 7 of 11
Answer Stats
Monarchy % Correct
United Kingdom
92%
Denmark
75%
Liechtenstein
72%
Vatican City
72%
Monaco
70%
Japan
69%
Lesotho
67%
Bhutan
64%
Bahrain
58%
Tonga
39%
Swaziland
38%
No matching quizzes found
Score Distribution
Percent of People with Each Score
Percentile by Number Answered
Your Score History
You have not taken this quiz